[Event "Quebec-ch qual U1600"]
[Site "Montreal"]
[Date "2005.10.09"]
[Round "3"]
[White "Kalamba, Didier"]
[Black "McNeil Duval, Hugues"]
[Result "1-0"]
[WhiteElo "1596"]
[BlackElo "1519"]
[PlyCount "45"]
[EventDate "2005.10.08"]
[EventType "swiss"]
[EventRounds "3"]
[EventCountry "CAN"]
[SourceTitle "EXT 2009"]
[Source "ChessBase"]
[SourceDate "2008.11.26"]
[SourceVersion "1"]
[SourceVersionDate "2008.11.26"]
[SourceQuality "1"]

1. d4 e6 2. e4 d5 3. Nd2 c5 4. c3 Nc6 5. Ngf3 Nf6 6. e5 Nd7 7. Bd3 Qb6 8. Qa4 a6 9. 0-0 Qa7 10. dxc5 Bxc5 11. Nb3 Bb6 12. Qg4 g6 13. Bf4 Bc7 14. Rae1 Qb8 15. Qg3 b6 16. Nbd4 Bb7 17. Nxc6 Bxc6 18. Qh3 f6 19. Qxe6+ Kd8 20. Qxc6 fxe5 21. Bg5+ Kc8 22. Nxe5 Nxe5 23. Rxe5 1-0